Vista normal Vista MARC

Entrada Personal Name

Número de registros utilizados en: 5

001 - CONTROL NUMBER

  • control field: 42

003 - CONTROL NUMBER IDENTIFIER

  • control field: DO-SdBNP

005 - DATE AND TIME OF LATEST TRANSACTION

  • control field: 20160831121739.0

008 - FIXED-LENGTH DATA ELEMENTS

  • fixed length control field: 160831|| aca||aabn | a|a d

040 ## - CATALOGING SOURCE

  • Original cataloging agency: DO-SdBNP

100 1# - HEADING--PERSONAL NAME

  • Personal name: Benedetti, Mario,
  • Dates associated with a name: 1920-2009

670 ## - SOURCE DATA FOUND

  • Source citation: Puentes como liebres y otros cuentos, 2005
  • Information found: tomado de la portada

670 ## - SOURCE DATA FOUND

  • Source citation: Diccionario de biografías, 2004.
  • Information found: p.88